Представление документа в формате RUSMARC

ПолеНазваниеЗначение
  Тип записи a
  Библиографический уровень m
001 Контрольный номер RU/SLIB/B/208703962
005 Дата корректировки 20241102123053.2
010 Индекс ISBN __
d Цена 2500-00
101 Язык документа 0_
a Язык текста rus
200 Заглавие и сведения об ответственности 1_
a Заглавие Бремя страсти
e Сведения, относящиеся к заглавию новеллы : [сборник]
f Первые сведения об ответственности худож. С. Пышненко
b Общее обозначение материала Текст
210 Выходные данные 1_
a Место издания Кемерово
c Издательство Соврем. отеч. кн.
210 Выходные данные 1_
a Место издания Иркутск
c Издательство Символ
d Дата издания 1992
215 Физическое описание __
a Объем 542 с.
c Иллюстрации/тип воспроизводства ил.
606 Тематические рубрики __
a Основная рубрика Художественная литература
y Географическая подрубрика Австрия; Германия; Россия; США; Соединенные Штаты Америки; Франция
606 Тематические рубрики __
a Основная рубрика Мировая литература (произведения)
610 Ключевые слова 0_
a Ключевые слова новеллы; австрийская литература; немецкая литература; русская литература; американская литература; французская литература
686 Индексы других классификаций __
2 Код системы rubbks
a Классификационный индекс 84(0)5-4
686 Индексы других классификаций __
a Классификационный индекс 84(0)6-4
702 Вторичная интеллектуальная ответственность _1
a Фамилия Пышненко
b Имя С.
4 Код отношения Художник
4 Код отношения 040
702 Вторичная интеллектуальная ответственность _1
a Фамилия Бунин
b Имя И. А.
4 Код отношения Автор
4 Код отношения 070
702 Вторичная интеллектуальная ответственность _1
a Фамилия Куприн
b Имя А. И.
4 Код отношения Автор
4 Код отношения 070
702 Вторичная интеллектуальная ответственность _1
a Фамилия Мериме
b Имя П.
4 Код отношения Автор
4 Код отношения 070
702 Вторичная интеллектуальная ответственность _1
a Фамилия Прево
b Имя А.
4 Код отношения Автор
4 Код отношения 070
702 Вторичная интеллектуальная ответственность _1
a Фамилия Мопассан
b Имя Г.
4 Код отношения Автор
4 Код отношения 070
702 Вторичная интеллектуальная ответственность _1
a Фамилия Цвейг
b Имя С.
4 Код отношения Автор
4 Код отношения 070
702 Вторичная интеллектуальная ответственность _1
a Фамилия Манн
b Имя Т.
4 Код отношения Автор
4 Код отношения 070
702 Вторичная интеллектуальная ответственность _1
a Фамилия Хемингуэй
b Имя Э.
4 Код отношения Автор
4 Код отношения 070
801 Источник записи _0
a Страна RU
b Организация Муниципальное бюджетное учреждение культуры "Централизованная библиотечная система" г. Сургут (Центральная городская библиотека им. А. С. Пушкина)
g Правила каталогизации ОБ/Смолякова
801 Источник записи _1
a Страна RU
b Организация Муниципальное бюджетное учреждение культуры "Централизованная библиотечная система" г. Сургут (Центральная городская библиотека им. А. С. Пушкина)
g Правила каталогизации ОБ/Смолякова
852 Данные о местонахождении __
j Шифр хранения 84(0)5-4
c Каталожный индекс 84(0)5-4; 84(0)6-4
i Авторский знак Б 87
p Инвентарный номер 63635
901 Тип документа __
t Тип документа m
903 Характеристики (МАРС) __
a Дата передачи 19990216
990 Данные о заказе (DOS) 00
j Количество экземпляров (DOS) 2
t N записи в КСУ для И/У (DOS) 199701